"Φυσικά" Ε' δημοτικού : ερευνώ και ανακαλύπτω : τετράδιο εργασιών

Αποθηκεύτηκε σε:
Λεπτομέρειες βιβλιογραφικής εγγραφής
Συγγραφή απο Οργανισμό/Αρχή: Παιδαγωγικό Ινστιτούτο
Άλλοι συγγραφείς: Αποστολάκης, Εμμανουήλ Γ.
Μορφή: Βιβλίο
Γλώσσα:Greek
Δημοσίευση: Αθήνα : Οργανισμός Εκδόσεως Διδακτικών Βιβλίων, [2006]
Θέματα:
Ετικέτες: Προσθήκη ετικέτας
Δεν υπάρχουν, Καταχωρήστε ετικέτα πρώτοι!

MARC

LEADER 00000cam a2200000 i 4500
001 1/35968
008 061023s2006 gre d
020 |a 960-06-1882-8 
035 |l 10085694 
040 |a GR-MY-UA  |b gre  |e aacr 
041 0 |a gre 
082 0 |a 372.357  |2 (22) 
245 1 0 |a "Φυσικά" Ε' δημοτικού :  |b ερευνώ και ανακαλύπτω : τετράδιο εργασιών /  |c Εμμανουήλ Αποστολάκης...[κ.ά.] ; Υπουργείο Εθνικής Παιδείας και Θρησκευμάτων. Παιδαγωγικό Ινστιτούτο 
260 |a Αθήνα :   |b Οργανισμός Εκδόσεως Διδακτικών Βιβλίων,   |c [2006] 
300 |a 197 σ.;  |c 28 εκ. 
650 0 0 |a Physics  |x Study and teaching (Elementary) 
650 0 0 |a Physics  |x Experiments. 
650 0 0 |a Science  |x Study and teaching (Elementary) 
700 1 |a Αποστολάκης, Εμμανουήλ Γ. 
710 2 |a Παιδαγωγικό Ινστιτούτο. 
852 |a INST  |b RHODES  |e 20061023  |h 372.357 ΦΥΣ  |p 005400024096  |q 005400024096  |t BK  |y 0 
852 |a INST  |b RHODES  |e 20061023  |h 372.357 ΦΥΣ  |p 005400024097  |q 005400024097  |t BK  |y 0 
901 |a BIBL4-2006-3 
909 |a Ρ  |b 126989 
909 |a Ρ  |b 126990 
970 |a ΚΟΖΑ  |b ΜΑΡΙΑ  |z 2006/10/23